000 00573nam a2200241 a 4500
001 nice12345678
003 IN_TiNIC
005 20260116011502.0
008 050524s1955 laha grp 000 0 urd
020 _a
_c100
082 0 0 _a100
_bPAR
100 _aParvez, Ghulam Ahmed
245 _aInsan Ne Kiya Soncha?
260 _aLahore
_bTuloo-E-Islam Press
_c1955
300 _a439p
500 _aincludes index and biblioraphy
505 2 _aTurkish
650 _aPhilosophy
700 1 _aParvez, Ghulam Ahmed
902 _bSRS
942 _cBK
999 _c1959
_d1959